History - European | 1 | 5 | 0 | 0 | 65 | 11 | 91.00 | 0 | 1 |
Literature - British | 1 | 4 | 0 | 0 | 55 | 51 | 98.80 | 0 | 0 |
RMP - World Mythology | 1 | 4 | 0 | 0 | 55 | 61 | 89.60 | 0 | 0 |
RMP - Philosophy | 1 | 3 | 0 | 0 | 45 | 46 | 100.25 | 0 | 1 |
Science - Physics | 0 | 3 | 0 | 0 | 30 | 78 | 104.33 | 0 | 0 |
Literature - American | 0 | 3 | 0 | 0 | 30 | 114 | 119.00 | 0 | 0 |
History - Cross, Historiography, and Miscellaneous | 0 | 3 | 0 | 0 | 30 | 102 | 109.00 | 0 | 0 |
RMP - Christian Practice | 1 | 1 | 0 | 0 | 25 | 47 | 81.00 | 1 | 1 |
Science - Biology | 1 | 1 | 0 | 0 | 25 | 49 | 66.50 | 0 | 0 |
Science - Computer Science | 0 | 2 | 0 | 0 | 20 | 82 | 85.50 | 0 | 0 |
RMP - Greco-Roman Mythology | 0 | 2 | 0 | 0 | 20 | 78 | 82.50 | 0 | 0 |
RMP - East Asian Religion | 0 | 2 | 0 | 0 | 20 | 79 | 87.50 | 0 | 0 |
RMP - Buddhism | 1 | 0 | 0 | 0 | 15 | 57 | 57.00 | 0 | 0 |
Fine Arts - Music | 0 | 1 | 0 | 0 | 10 | 120 | 120.00 | 0 | 0 |
Fine Arts - Painting | 0 | 1 | 0 | 0 | 10 | 85 | 85.00 | 0 | 0 |
Fine Arts - Sculpture | 0 | 1 | 0 | 0 | 10 | 94 | 94.00 | 0 | 0 |
History - American | 0 | 1 | 0 | 0 | 10 | 104 | 104.00 | 0 | 0 |
History - World | 0 | 1 | 0 | 0 | 10 | 101 | 101.00 | 0 | 0 |
Literature - European | 0 | 1 | 0 | 0 | 10 | 129 | 129.00 | 0 | 0 |
Literature - World and Miscellaneous | 0 | 1 | 0 | 0 | 10 | 123 | 123.00 | 0 | 0 |
Other - Other Academic and General Knowledge | 0 | 1 | 0 | 0 | 10 | 94 | 94.00 | 0 | 0 |
RMP - Islam | 0 | 1 | 0 | 0 | 10 | 89 | 89.00 | 0 | 0 |
Science - Chemistry | 0 | 1 | 0 | 0 | 10 | 105 | 105.00 | 0 | 0 |
Social Science - Economics | 0 | 1 | 0 | 0 | 10 | 98 | 98.00 | 0 | 0 |
Social Science - Psychology | 0 | 0 | 0 | 0 | 0 | | 0.00 | 0 | 0 |
Science - Math | 0 | 0 | 0 | 0 | 0 | | 0.00 | 0 | 0 |